| 000 | 00769nam a2200217Ii 4500 | ||
|---|---|---|---|
| 003 | JO-AjNU | ||
| 008 | 230605s9999||||xx |||||||||||||| ||und|| | ||
| 017 | _a2009/6/2504 | ||
| 040 |
_aJO-AjNU _bara _erda _cJO-AjNU |
||
| 041 | _aara | ||
| 050 | 1 | 4 | _aHD53.N34.2010 |
| 100 | 3 |
_aنجم،عبود نجم, _eauthor _928816 |
|
| 245 | 0 | 0 | _aادارة اللاملموسات:ادارة ما لا يقاس=The Intangible Management Managing Immeasurable |
| 250 | _aط العربية | ||
| 264 | 3 | 1 | _aعمان:دار اليازوري العلمية للنشر والتوزيع،2010 |
| 300 | _a380ص | ||
| 336 |
_atext _btxt _2rdacontent |
||
| 337 |
_aunmediated _bn _2rdamedia |
||
| 338 |
_avolume _bnc _2rdacarrier |
||
| 650 | 4 |
_aادارة اللاملموسات _928817 |
|
| 999 |
_aA11223 _c14791 _d14791 |
||